Semillas generosas: mejoramiento participativo de plantas

Spremljeno u:
Bibliografski detalji
Glavni autor: Vernooy, Ronnie (Autor)
Format: Knjiga
Jezik:španjolski
Izdano: Ottawa Centro Internacional de Investigaciones para el Desarrollo 2003
Serija:En_Foco
Teme:
Oznake: Dodaj oznaku
Bez oznaka, Budi prvi tko označuje ovaj zapis!

MARC

LEADER 00000nam a2200000 a 4500
001 UCL3096
003 CL-VaPUC
008 031114e20030000CN |||||||||||||||||spa|d
020 |a 1552500160 
082 0 4 |a 631.521  |b VER  |2 21 
100 0 |a Vernooy, Ronnie  |e author  |9 480304 
245 1 0 |a Semillas generosas: mejoramiento participativo de plantas 
300 |a 103 p 
942 |c BK 
945 |d 20031114 00:00:00  |a cmena 
260 |a Ottawa  |b Centro Internacional de Investigaciones para el Desarrollo  |c 2003 
650 0 |a Semillas   |9 264396 
650 0 |a Agricultura  |9 255598 
650 7 |a MEJORAMIENTO DE PLANTAS  |2 CL-VaPUC  |9 264693 
650 7 |a COOPERACION  |2 CL-VaPUC  |9 338427 
650 0 |a Integración   |9 316470 
650 0 |a Globalización  |9 361930 
583 |a last modification  |c 20031114 00:00:00  |k Rodrigo Vera 
490 0 |a En_Foco 
999 |c 306228  |d 306226 
952 |0 0  |1 0  |4 0  |6 631_521000000000000_VER_2003  |7 0  |8 A  |9 371083  |a BIBAGR  |b BIBAGR  |d 2019-11-21  |i 3962296  |l 2  |o 631.521 VER 2003  |p 3962296  |r 2025-01-20  |s 2023-04-04  |w 2019-11-21  |y BK  |k AGR